000 00367nam a22001577a 4500
003 OSt
008 240410b |||||||| |||| 00| 0 eng d
020 _a9789386551931
082 _a006.31 VIM
100 _aVIJAYVARGIA,Abhishek
245 _aMachine Learning with Python
250 _a1st Ed
260 _aNew Delhi
_bBPB
_c2024
300 _a257
942 _2ddc
_cBK
999 _c12440
_d12440